000
00301nam a22001337a 4500
008
190304b xxu||||| |||| 00| 0 eng d
020
_a
9780312403560
041
_a
eng
080
_a
941
100
_a
16
101
_a
HIS
245
_a
A Student's Guide to History
_c
Benjamin, J.R
942
_2
udc
_c
BK
999
_c
54445
_d
54445